La política de las imágenes

محفوظ في:
التفاصيل البيبلوغرافية
المؤلفون الرئيسيون: Jaar, Alfredo (autor), Didi-Huberman, Georges (مؤلف), Rancière, Jacques, 1940- (مؤلف), Schweizer, Nicole (مؤلف), Valdés, Adriana (مؤلف)
مؤلفون آخرون: Pollock, Griselda (autora)
التنسيق: كتاب
اللغة:الإسبانية
منشور في: Santiago Metales Pesados 2008
الموضوعات:
الوسوم: إضافة وسم
لا توجد وسوم, كن أول من يضع وسما على هذه التسجيلة!

MARC

LEADER 00000cam a2200000 a 4500
001 UCF6461
003 CL-VaPUC
005 20250310105917.0
008 130425e20080500CL |||||||||||||||||spa|d
999 |c 351648  |d 351646 
020 |a 9789568415181 
040 |c Pontificia Universidad Católica de Valparaíso 
082 0 4 |a 770.232  |b JAA  |2 21 
100 |a Jaar, Alfredo  |e autor  |9 587198 
245 1 3 |a La política de las imágenes 
260 |a Santiago  |b Metales Pesados  |c 2008 
300 |a 131 p 
583 |a last modification  |c 20130425 11:23:00  |k Rodrigo Vera 
650 0 |a Expresión artística   |9 470734 
650 0 |a Exposiciones  |9 265884 
650 0 |a Fotografía  |9 268495 
650 0 |a Imágenes   |9 361884 
650 0 |a Crítica e interpretación   |9 255042 
700 |a Didi-Huberman, Georges  |e author  |9 598908 
700 |a Pollock, Griselda  |e autora  |9 568441 
700 |a Rancière, Jacques,  |d 1940-  |e author  |9 557220 
700 0 |a Schweizer, Nicole  |e author  |9 568442 
700 0 |a Valdés, Adriana  |e author  |9 568443 
942 |c BK  |2 ddc 
945 |d 20130425 00:00:00  |a dcastane 
952 |0 0  |1 0  |4 0  |6 770_232000000000000_JAA_2008  |7 0  |8 R  |9 455872  |a BIBART  |b BIBART  |d 2019-11-22  |i 4967666  |l 3  |o 770.232 JAA 2008  |p 4967666  |r 2025-03-13  |s 2023-10-23  |w 2019-11-22  |y BK_R  |k ART 
952 |0 0  |1 0  |3 erb  |4 0  |6 770_232000000000000_JAA_2008  |7 0  |8 A  |9 455873  |a BIBARQ  |b BIBARQ  |i 5049717  |o 770.232 JAA 2008  |p 5049717  |r 2025-01-20  |w 2019-11-22  |y BK  |z Catalogado en:20140116  |k ARQ